00619nam a2200217Ia 4500008004100000040001400041082001800055100002100073245002400094250001300118260004500131300001800176365002800194366000800222505002200230530003000252620005200282630002400334650001900358730002400377100315s9999 xx 000 0 und d cENGLISH  b9519 a345  a"Kataria, R.P. " aCriminal Major Acts a2nd ed  aNEW DELHI bOrient Law House  c1988  a"xlii,307  " eRupees d1 b120.00  f0  gVaibhav Gaikwad  bDonated By RBI Library   a"Criminal Major Acts, Criminal Law, RBI Book " aCriminal Major Acts aCriminal Law  aCriminal Major Acts